Promise and redemption : a synagogue mosaic from Sepphoris /

محفوظ في:

المؤلف الرئيسي: Weiss, Zeʾev (مؤلف)

مؤلف مشترك: Muzeʼon Yiśraʼel (Jerusalem)

مؤلفون آخرون: Netzer, Ehud.

التنسيق: كتاب

اللغة: English
Hebrew

منشور في: Jerusalem : The Israel Museum, 1996.

سلاسل: Ḳaṭalog (Muzeʾon Yiśraʾel (Jerusalem) ; 378.

الموضوعات:

الوسوم: إضافة وسم

لا توجد وسوم, كن أول من يضع وسما على هذه التسجيلة!

رقم الطلب: NA3760 .W447 1996

LEADER 01237namaa2200349 4500
001 25330
003 OSt
005 20250907092151.0
008 130303s1996 is a b 000 0 eng d
020 |a 9652781843 
040 |c ARCE Library 
041 0 |a eng  |a heb  
043 |a a-is--- 
050 4 |a NA3760 .W447 1996 
100 1 |a Weiss, Zeʾev,   |e author 
245 1 0 |a Promise and redemption :   |b a synagogue mosaic from Sepphoris /   |c Zeʾev Weiss, Ehud Netzer. 
246 1 5 |a Havṭaḥah u-geʾulah. 
264 1 |a Jerusalem :   |b The Israel Museum,   |c 1996. 
300 |a 49, 47 pages :   |b illustrations ;   |c 27 cm. 
490 1 |a Ḳaṭalog (Muzeʾon Yiśraʾel (Jerusalem) ;   |v 378. 
500 |a Hebrew section has own title page and separate pagination. 
504 |a Includes bibliographical references. 
546 |a English and Hebrew. 
650 0 |a Mosaic floors  |v Exhibitions. 
650 0 |a Synagogues  |z Sepphoris (Extinct city)  |v Exhibitions.  
650 0 |a Mosaics, Ancient  |z Sepphoris (Extinct city)  |v Exhibitions 
700 1 |a Netzer, Ehud.  |9 36852 
710 2 |a Muzeʼon Yiśraʼel (Jerusalem) 
830 0 |a Ḳaṭalog (Muzeʾon Yiśraʾel (Jerusalem) ;   |v 378. 
901 |a reviewed 
942 |c BK  |2 lcc 
999 |c 23760  |d 23760